| 000 | 01395nam a2200241Ii 4500 | ||
|---|---|---|---|
| 003 | JO-AjNU | ||
| 005 | 20240630102543.0 | ||
| 008 | 230605s9999||||xx |||||||||||||| ||und|| | ||
| 040 |
_aJO-AjNU _bara _erda _cJO-AjNU |
||
| 041 | _aara | ||
| 050 | 1 | 4 | _aLC4704.2022 |
| 100 |
_aبني إسماعيل، مروان قاسم إبراهيم _eمعد _965923 |
||
| 245 | 0 | 0 |
_aمستوى الضغوط المهنية وعلاقتها بالدافعية للعمل لدى معلمي الطلبة ذوي صعوبات التعلم من وجهة نظرهم في محافظة اربد=The Level of Work Pressures and its Relationship With the Motivation for Work Among Teachers of Students Learning Disabilities from their View Point in Irbid Governorate _c/ اعداد مروان قاسم ابراهيم بني إسماعيل ؛ اشراف محمد عمر ابو الرب |
| 264 | 3 | 1 | _a2022 |
| 300 | _a110 ورقة | ||
| 336 |
_atext _btxt _2rdacontent |
||
| 337 |
_aunmediated _bn _2rdamedia |
||
| 338 |
_avolume _bnc _2rdacarrier |
||
| 500 | _aرسالة جامعية(اطروحة ماجستير) تخصص صعوبات التعلم/كلية العلوم التربوية، جامعة عجلون الوطنية، 2022 | ||
| 650 | 4 |
_aصعوبات التعلم-معلمي الطلبة ذوي صعوبات التعلم _963528 |
|
| 700 |
_aمحمد عمر ابو الرب _eمشرف _964717 |
||
| 942 |
_2lcc _cTHS |
||
| 999 |
_c32390 _d32390 |
||